00454nam a22001577a 450000500170000001000150001702000260003203500140005803700130007208200080008510000140009324500490010726000380015627000820019430000200027620200608152753.0 aENG-127843 a9789383554072c400.00 aEN-111375 bDBAD/PUB a920 aVerma,R.M aFamous Personalities of world/cby R.M.Varma aNew DelhibLaxmi Book Housec2018 a528/2-K/,1st floor,plot no.15 gali no.5.Vishwas Nagar ShahdarabDelhie110032 a135p.c23cm(hb)